[Event "DVM U12 2021-22"]
[Site "Naumburg"]
[Date "2022.03.26"]
[Round "2"]
[White "Cwiklik, Julian"]
[Black "Strubelt, Björn"]
[Result "1-0"]
[WhiteElo "1255"]
[BlackElo "1079"]
[Annotator "NA"]
[PlyCount "111"]
[EventDate "2022.03.25"]
[EventType "team-tourn"]
[EventRounds "7"]
[EventCountry "GER"]
[SourceTitle "playchess.com"]
[Source "ChessBase"]
[SourceQuality "1"]
[TimeControl "40/5400+30:1800+30"]

1. e4 {[%emt 0:00:03]} e5 {[%emt 0:00:11]} 2. Nf3 {[%emt 0:00:14]} Nc6 {[%emt 0:00:13]} 3. Bc4 {[%emt 0:00:06]} Nf6 {[%emt 0:00:38]} 4. Ng5 {[%emt 0:00:19]} d5 {[%emt 0:00:58]} 5. exd5 {[%emt 0:00:09]} b5 {[%emt 0:00:05]} 6. Bb3 {[%emt 0:03:33]} Nd4 {[%emt 0:00:12]} 7. c3 {[%emt 0:03:32]} Nxb3 {[%emt 0:00:47]} 8. Qxb3 {[%emt 0:00:26]} Ba6 {[%emt 0:03:49]} 9. a4 {[%emt 0:02:38]} Qd7 {[%emt 0:00:24]} 10. Nf3 {[%emt 0:04:09]} bxa4 {[%emt 0:00:26]} 11. Qxa4 {[%emt 0:01:15]} Qxa4 {[%emt 0:00:21]} 12. Rxa4 {[%emt 0:00:05]} Bb5 {[%emt 0:00:05]} 13. Ra1 {[%emt 0:00:36]} e4 {[%emt 0:00:25]} 14. Nd4 {[%emt 0:00:53]} Bc4 {[%emt 0:01:25]} 15. Na3 {[%emt 0:01:53]} Ba6 {[%emt 0:00:17]} 16. Nab5 {[%emt 0:00:35]} Nxd5 {[%emt 0:04:03]} 17. Rxa6 {[%emt 0:01:32]} Be7 {[%emt 0:03:25]} 18. Nf5 {[%emt 0:00:49]} Bg5 {[%emt 0:02:57]} 19. c4 {[%emt 0:01:13]} Nb4 {[%emt 0:01:45]} 20. Nxc7+ {[%emt 0:01:25]} Kd7 {[%emt 0:00:12]} 21. Nxa8 {[%emt 0:02:26]} Nxa6 {[%emt 0:00:06]} 22. Nxg7 {[%emt 0:01:23]} Rg8 {[%emt 0:04:51]} 23. Nf5 {[%emt 0:00:36]} Ke6 {[%emt 0:01:41]} 24. Nd4+ {[%emt 0:00:47]} Kd6 {[%emt 0:01:56]} 25. Nb5+ {[%emt 0:00:30]} Kc6 {[%emt 0:01:40]} 26. Nxa7+ {[%emt 0:01:24]} Kb7 {[%emt 0:00:39]} 27. Nb5 {[%emt 0:00:32]} Kxa8 {[%emt 0:00:56]} 28. Nd6 {[%emt 0:00:21]} Nc5 {[%emt 0:00:25]} 29. Nxf7 {[%emt 0:01:02]} Nd3+ {[%emt 0:00:44]} 30. Ke2 {[%emt 0:00:36]} Nf4+ {[%emt 0:00:22]} 31. Kd1 {[%emt 0:01:23]} Nd3 {[%emt 0:01:01]} 32. Rf1 {[%emt 0:00:39]} h6 {[%emt 0:00:42]} 33. Nxg5 {[%emt 0:01:29]} hxg5 {[%emt 0:00:17]} 34. f3 {[%emt 0:00:46]} Rf8 35. Ke2 {[%emt 0:01:32]} g4 {[%emt 0:02:12]} 36. b3 {[%emt 0:01:42]} Nf4+ {[%emt 0:04:09]} 37. Ke3 {[%emt 0:01:58]} exf3 {[%emt 0:01:35]} 38. gxf3 {[%emt 0:01:02]} gxf3 39. Rxf3 Ng2+ {[%emt 0:01:18]} 40. Kf2 {[%emt 0:00:43]} Rxf3+ {[%emt 0:00:03]} 41. Kxf3 {[%emt 0:30:25]} Ne1+ {[%emt 0:31:26]} 42. Kg4 {[%emt 0:00:19]} Nd3 {[%emt 0:00:15]} 43. Ba3 {[%emt 0:00:27]} Nf2+ {[%emt 0:00:35]} 44. Kf5 {[%emt 0:00:26]} Nd3 {[%emt 0:01:02]} 45. h4 {[%emt 0:00:18]} Kb7 {[%emt 0:07:15]} 46. h5 {[%emt 0:00:28]} Kb6 {[%emt 0:00:04]} 47. h6 {[%emt 0:00:20]} Ka5 {[%emt 0:03:56]} 48. h7 {[%emt 0:00:49]} Nb4 {[%emt 0:00:59]} 49. Bxb4+ {[%emt 0:01:06]} Kxb4 {[%emt 0:01:47]} 50. h8=Q {[%emt 0:00:06]} Ka3 {[%emt 0:00:15]} 51. c5 {[%emt 0:00:24]} Kb4 {[%emt 0:00:53]} 52. c6 {[%emt 0:00:16]} Kb5 {[%emt 0:00:04]} 53. c7 {[%emt 0:00:04]} Kb6 {[%emt 0:01:34]} 54. Qb8+ {[%emt 0:00:53]} Kc5 55. c8=Q+ {[%emt 0:00:15]} Kd4 {[%emt 0:00:51]} 56. Qd6# 1-0

[Event "DVM U12 2021-22"]
[Site "Naumburg"]
[Date "2022.03.26"]
[Round "2"]
[White "Zimmer, Tim"]
[Black "Graham, David B"]
[Result "0-1"]
[WhiteElo "1170"]
[BlackElo "2128"]
[Annotator "TA"]
[PlyCount "76"]
[EventDate "2022.03.25"]
[EventType "team-tourn"]
[EventRounds "7"]
[EventCountry "GER"]
[SourceTitle "playchess.com"]
[Source "ChessBase"]
[SourceQuality "1"]

{[%evp 18,76,38,32,45,30,52,6,16,18,14,-26,33,-1,-1,0,-9,-179,-142,-146,-169,-482,-484,-462,-238,-669,-610,-601,-590,-670,-654,-642,-638,-632,-632,-624,-600,-578,-543,-610,-489,-710,-704,-821,-792,-800,-800,-29974,-29974,-29976,-29977,-29977,-29978,-29979,-29980,-29980,-29981,-29981,-29981,-29981,-29979]} 1. e4 c5 2. Nf3 d6 3. d4 cxd4 4. Nxd4 Nf6 5. Nc3 g6 6. Bc4 Bg7 7. f3 O-O 8. Be3 Nc6 9. Qd2 {9.Bb3 is the modern continuation.} Bd7 10. g4 Rc8 {[#] And now ...Nxd4 would win. is the legacy move (10...Ne5). B77: Sicilian Dragon: Yugoslav Attack, 9 Bc4 sidelines.} 11. Be2 Ne5 {[#]} 12. Rg1 $146 (12. O-O-O $14) ({Predecessor:} 12. O-O-O Qa5 13. Kb1 Rxc3 14. Qxc3 Qxc3 15. bxc3 Rc8 16. Nb3 Nexg4 17. fxg4 Nxe4 18. Bd4 Bxd4 19. cxd4 {0-1 (58) Sethuraman,S (2638)-Le,T (2501) Chess.com INT 2020}) 12... Nc4 $11 {The position is equal.} 13. Bxc4 Rxc4 14. h4 Qc8 (14... b5 $11) 15. g5 Nh5 {[%cal Oh5f4]} 16. O-O-O b5 {[%cal Oh5f4]} 17. Ndxb5 $2 {White does not recover from this.} (17. Nd5 $11 {and White has nothing to worry.} Qd8 18. Ne2) 17... Bxb5 $19 18. Nxb5 Qa6 $1 {[%csl LRa2,LRb5]} 19. Nd4 (19. Na3 Bxb2+ 20. Kxb2 Rb8+ 21. Ka1 Qxa3 22. c3) 19... Qxa2 {[%cal Ra2a1]} 20. Qd3 Rfc8 $40 {[%mdl 128] Black attacks with force.} (20... Nf4 $142 21. Qb3 Qa1+ 22. Kd2 Qa5+ 23. c3 Rxd4+ 24. Bxd4 Bxd4) 21. Kd2 (21. Qa3 Qxa3 22. bxa3) 21... Bxd4 22. Bxd4 Nf4 23. Qb3 Qxb3 24. cxb3 Rxd4+ 25. Ke3 Rxd1 26. Rxd1 {[%mdl 4096] Endgame KRN-KR} Ne6 27. Ra1 Rc7 28. f4 Nc5 29. Rc1 (29. b4 $142 Ne6 30. b5) 29... Rb7 30. e5 Rxb3+ 31. Kd4 Rxb2 {Strongly threatening ...Nb3+.} 32. exd6 Nb3+ {Black mates.} 33. Kc3 Nxc1 34. Kxb2 {[#]} exd6 $1 35. Kxc1 Kf8 36. Kb2 Ke7 37. Kc3 Ke6 38. Kd4 a5 {Weighted Error Value: White=1.22/Black=0.25 (precise)} 0-1

[Event "DVM U12 2021-22"]
[Site "Naumburg"]
[Date "2022.03.26"]
[Round "2"]
[White "Göllnitz, Aaron"]
[Black "Uhl, Henry"]
[Result "0-1"]
[WhiteElo "1150"]
[BlackElo "1301"]
[Annotator "NA"]
[PlyCount "90"]
[EventDate "2022.03.25"]
[EventType "team-tourn"]
[EventRounds "7"]
[EventCountry "GER"]
[SourceTitle "playchess.com"]
[Source "ChessBase"]
[SourceQuality "1"]
[TimeControl "40/5400+30:1800+30"]

1. d4 {[%emt 0:00:04]} d5 {[%emt 0:00:17]} 2. Nf3 {[%emt 0:00:08]} Nf6 {[%emt 0:00:23]} 3. e3 {[%emt 0:00:16]} Nc6 {[%emt 0:00:27]} 4. a3 {[%emt 0:00:31]} Bf5 {[%emt 0:00:26]} 5. b3 {[%emt 0:00:58]} e6 {[%emt 0:00:14]} 6. Bb2 {[%emt 0:00:32]} Bd6 {[%emt 0:00:17]} 7. Be2 {[%emt 0:00:33]} O-O {[%emt 0:00:36]} 8. O-O {[%emt 0:00:10]} Re8 {[%emt 0:00:37]} 9. Re1 {[%emt 0:00:43]} e5 {[%emt 0:00:34]} 10. dxe5 {[%emt 0:00:33]} Nxe5 {[%emt 0:00:25]} 11. Nxe5 {[%emt 0:00:38]} Bxe5 {[%emt 0:00:09]} 12. Bxe5 {[%emt 0:01:44]} Rxe5 {[%emt 0:00:17]} 13. Bf1 {[%emt 0:00:54]} Qd6 {[%emt 0:00:49]} 14. Nd2 {[%emt 0:03:04]} Rae8 {[%emt 0:02:29]} 15. Nf3 {[%emt 0:00:52]} R5e7 {[%emt 0:01:15]} 16. c4 {[%emt 0:03:18]} Bg4 {[%emt 0:02:42]} 17. h3 {[%emt 0:01:47]} Bxf3 {[%emt 0:00:54]} 18. Qxf3 {[%emt 0:00:23]} c6 {[%emt 0:00:55]} 19. Red1 {[%emt 0:02:30]} Re5 {[%emt 0:02:38]} 20. b4 {[%emt 0:02:18]} Rg5 {[%emt 0:01:36]} 21. c5 {[%emt 0:01:22]} Qc7 {[%emt 0:00:57]} 22. Qf4 {[%emt 0:01:25]} Ree5 {[%emt 0:01:34]} 23. g4 {[%emt 0:01:33]} Qd7 {[%emt 0:01:25]} 24. f3 {[%emt 0:01:01]} Qe7 {[%emt 0:03:07]} 25. Rd3 {[%emt 0:04:15]} h6 {[%emt 0:01:24]} 26. h4 {[%emt 0:00:52]} Rg6 {[%emt 0:00:27]} 27. Kh1 {[%emt 0:01:08]} Nh7 {[%emt 0:01:14]} 28. Qg3 {[%emt 0:01:35]} Rxe3 {[%emt 0:00:49]} 29. Rxe3 {[%emt 0:00:41]} Qxe3 {[%emt 0:00:06]} 30. Qb8+ Nf8 31. Kg2 {[%emt 0:02:56]} Rf6 {[%emt 0:01:22]} 32. Qg3 {[%emt 0:00:40]} Ne6 {[%emt 0:00:58]} 33. Qf2 {[%emt 0:02:16]} Qc3 {[%emt 0:00:56]} 34. Ra2 {[%emt 0:01:13]} Rf4 {[%emt 0:02:06]} 35. Qg3 {[%emt 0:02:54]} d4 {[%emt 0:00:45]} 36. Re2 {[%emt 0:02:43]} Rf6 {[%emt 0:01:03]} 37. Re4 {[%emt 0:01:45]} d3 {[%emt 0:00:34]} 38. f4 {[%emt 0:01:37]} Qc2+ {[%emt 0:00:53]} 39. Kh3 {[%emt 0:00:46]} d2 {[%emt 0:00:33]} 40. Re2 {[%emt 0:00:56]} Nxf4+ {[%emt 0:00:12]} 41. Kh2 {[%emt 0:30:49]} Nxe2 {[%emt 0:30:12]} 42. Bxe2 {[%emt 0:01:51]} d1=Q {[%emt 0:00:21]} 43. g5 {[%emt 0:04:35]} Qcxe2+ {[%emt 0:00:31]} 44. Kh3 {[%emt 0:00:37]} Qdf1+ {[%emt 0:00:14]} 45. Qg2 {[%emt 0:00:54]} Qexg2# {[%emt 0:00:15]} 0-1

[Event "DVM U12 2021-22"]
[Site "Naumburg"]
[Date "2022.03.26"]
[Round "2"]
[White "Roos Nazario, Valentin"]
[Black "Dordevic, Tom"]
[Result "0-1"]
[WhiteElo "1140"]
[BlackElo "1671"]
[Annotator "NA RC"]
[PlyCount "93"]
[EventDate "2022.03.25"]
[EventType "team-tourn"]
[EventRounds "7"]
[EventCountry "GER"]
[SourceTitle "playchess.com"]
[Source "ChessBase"]
[SourceQuality "1"]
[TimeControl "40/5400+30:1800+30"]

1. e4 {[%emt 0:00:02]} c5 {[%emt 0:00:03]} 2. Nf3 {[%emt 0:00:30]} e6 {[%emt 0:00:05]} 3. d4 {[%emt 0:00:57]} cxd4 {[%emt 0:00:03]} 4. Nxd4 {[%emt 0:00:06]} a6 {[%emt 0:00:03]} 5. Bd3 {[%emt 0:00:45]} Qc7 {[%emt 0:00:43]} 6. Nc3 {[%emt 0:03:38]} Nf6 {[%emt 0:00:29]} 7. Bd2 {[%emt 0:05:39]} Be7 {[%emt 0:00:47]} 8. Qe2 {[%emt 0:01:59]} d6 {[%emt 0:01:15]} 9. O-O {[%emt 0:01:42]} Nbd7 {[%emt 0:01:02]} 10. a4 {[%emt 0:00:38]} b6 {[%emt 0:07:00]} 11. f4 {[%emt 0:04:35]} Nc5 {[%emt 0:01:44]} 12. Rac1 {[%emt 0:12:33]} O-O {[%emt 0:22:26]} 13. e5 {[%emt 0:07:07]} Nfd7 {[%emt 0:13:17]} 14. b4 {[%emt 0:07:43]} dxe5 {[%emt 0:36:53]} 15. fxe5 {[%emt 0:01:55]} Nxd3 {[%emt 0:05:45]} 16. cxd3 {[%emt 0:00:56]} Qxe5 {[%emt 0:01:47]} 17. Nc6 {[%emt 0:01:13]} Bc5+ {[%emt 0:01:02]} 18. bxc5 {[%emt 0:02:28]} Qxc5+ {[%emt 0:00:03]} 19. Be3 {[%emt 0:00:36]} Qxc6 {[%emt 0:00:07]} 20. Nb5 {[%emt 0:00:49]} Qb7 {[%emt 0:01:14]} 21. Rc7 {[%emt 0:03:01]} Qb8 {[%emt 0:00:23]} 22. Bf4 {[%emt 0:01:13]} e5 {[%emt 0:00:10]} 23. Bxe5 {[%emt 0:00:22]} Nxe5 {[%emt 0:00:06]} 24. Qxe5 {[%emt 0:00:07]} Bd7 {[%emt 0:04:05]} 25. Nc3 {[%emt 0:00:42]} Ra7 {[%emt 0:00:25]} 26. Nd5 {[%emt 0:00:05]} Rxc7 {[%emt 0:00:12]} 27. Qxc7 {[%emt 0:00:19]} Qxc7 {[%emt 0:00:04]} 28. Nxc7 {[%emt 0:00:12]} a5 {[%emt 0:00:26]} 29. Rb1 {[%emt 0:00:50]} Rb8 {[%emt 0:01:57]} 30. Nd5 {[%emt 0:01:12]} b5 {[%emt 0:00:32]} 31. axb5 {[%emt 0:00:06]} Rxb5 {[%emt 0:00:05]} 32. Rxb5 {[%emt 0:00:39]} Bxb5 {[%emt 0:00:04]} 33. d4 {[%emt 0:00:28]} f6 {[%emt 0:00:39]} 34. Nc3 {[%emt 0:00:11]} Bc4 {[%emt 0:00:10]} 35. Kf2 {[%emt 0:00:24]} Kf7 {[%emt 0:00:14]} 36. d5 {[%emt 0:01:24]} Bb3 {[%emt 0:00:48]} 37. Ke3 {[%emt 0:00:16]} a4 {[%emt 0:00:23]} 38. Kd2 {[%emt 0:01:17]} Ke7 {[%emt 0:01:07]} 39. Kd3 {[%emt 0:00:31]} a3 {[%emt 0:00:45]} 40. d6+ {[%emt 0:00:18]} Kd8 {[%emt 0:00:28]} 41. Ke4 {[%emt 0:30:16]} a2 {[%emt 0:30:08]} 42. Nxa2 {[%emt 0:00:04]} Bxa2 {[%emt 0:00:03]} 43. h4 {[%emt 0:00:12]} Kd7 {[%emt 0:00:03]} 44. g4 {[%emt 0:00:15]} Kxd6 {[%emt 0:00:04]} 45. g5 {[%emt 0:00:06]} fxg5 {[%emt 0:00:21]} 46. hxg5 {[%emt 0:00:07]} g6 {[%emt 0:00:07]} 47. Kd4 0-1

[Event "DVM U12 2021-22"]
[Site "Naumburg"]
[Date "2022.03.26"]
[Round "2"]
[White "Detjen, Mattes"]
[Black "Schäfle, Moritz"]
[Result "1/2-1/2"]
[WhiteElo "1124"]
[BlackElo "1346"]
[Annotator "NA"]
[PlyCount "117"]
[EventDate "2022.03.25"]
[EventType "team-tourn"]
[EventRounds "7"]
[EventCountry "GER"]
[SourceTitle "playchess.com"]
[Source "ChessBase"]
[SourceQuality "1"]
[TimeControl "40/5400+30:1800+30"]

1. e4 {[%emt 0:00:03]} c6 {[%emt 0:00:13]} 2. d4 {[%emt 0:00:12]} d5 {[%emt 0:00:04]} 3. exd5 {[%emt 0:00:06]} cxd5 {[%emt 0:00:04]} 4. c4 {[%emt 0:00:16]} Nf6 {[%emt 0:00:07]} 5. Nf3 {[%emt 0:01:00]} Bg4 {[%emt 0:00:54]} 6. Nc3 {[%emt 0:02:24]} Nc6 {[%emt 0:00:07]} 7. Be3 {[%emt 0:00:11]} e6 {[%emt 0:02:19]} 8. Be2 {[%emt 0:03:56]} dxc4 {[%emt 0:00:23]} 9. Bxc4 {[%emt 0:00:10]} Be7 {[%emt 0:03:16]} 10. O-O {[%emt 0:03:27]} O-O {[%emt 0:02:17]} 11. Bb3 {[%emt 0:01:48]} Nb4 {[%emt 0:06:51]} 12. a3 {[%emt 0:04:01]} Nbd5 {[%emt 0:00:44]} 13. Nxd5 {[%emt 0:02:57]} Nxd5 {[%emt 0:00:15]} 14. Qe2 {[%emt 0:01:38]} Qd7 {[%emt 0:04:28]} 15. h3 {[%emt 0:02:05]} Bh5 {[%emt 0:03:39]} 16. Rfd1 {[%emt 0:03:48]} Bf6 {[%emt 0:02:06]} 17. Rd2 {[%emt 0:04:27]} Rfd8 {[%emt 0:02:40]} 18. Rad1 {[%emt 0:01:58]} a6 {[%emt 0:03:45]} 19. Bc2 {[%emt 0:04:01]} Bxf3 {[%emt 0:04:45]} 20. Qxf3 {[%emt 0:00:12]} g6 {[%emt 0:01:10]} 21. Bh6 {[%emt 0:03:08]} Qd6 {[%emt 0:03:33]} 22. Be4 {[%emt 0:05:32]} Bg7 {[%emt 0:03:01]} 23. Bxg7 {[%emt 0:01:52]} Kxg7 {[%emt 0:01:17]} 24. h4 {[%emt 0:00:33]} Rd7 {[%emt 0:02:11]} 25. h5 {[%emt 0:01:33]} Rad8 {[%emt 0:04:01]} 26. Qh3 {[%emt 0:05:52]} Nf6 {[%emt 0:03:10]} 27. h6+ {[%emt 0:00:47]} Kg8 {[%emt 0:04:04]} 28. Qe3 {[%emt 0:00:48]} Ng4 {[%emt 0:02:41]} 29. Qh3 {[%emt 0:02:13]} Qf4 {[%emt 0:01:48]} 30. Bf3 {[%emt 0:14:03]} Nxh6 {[%emt 0:00:50]} 31. d5 {[%emt 0:00:41]} Nf5 {[%emt 0:03:14]} 32. Qh2 {[%emt 0:05:56]} Qxh2+ {[%emt 0:02:51]} 33. Kxh2 {[%emt 0:00:04]} Ne7 {[%emt 0:01:29]} 34. d6 {[%emt 0:03:17]} Nf5 {[%emt 0:04:12]} 35. g4 {[%emt 0:01:34]} Ng7 {[%emt 0:00:13]} 36. Kg3 {[%emt 0:00:49]} Ne8 {[%emt 0:01:06]} 37. Kf4 {[%emt 0:00:09]} f6 {[%emt 0:02:05]} 38. g5 {[%emt 0:03:22]} Kf7 {[%emt 0:02:24]} 39. gxf6 {[%emt 0:05:48]} Kxf6 {[%emt 0:00:19]} 40. b4 {[%emt 0:01:07]} Rxd6 {[%emt 0:00:46]} 41. Rxd6 {[%emt 0:31:24]} Rxd6 {[%emt 0:30:41]} 42. Rh1 {[%emt 0:00:27]} h5 {[%emt 0:01:21]} 43. Bxb7 {[%emt 0:00:36]} g5+ {[%emt 0:04:59]} 44. Ke4 {[%emt 0:01:25]} h4 {[%emt 0:01:22]} 45. f3 {[%emt 0:02:36]} Nc7 {[%emt 0:02:35]} 46. Rc1 {[%emt 0:02:52]} Rd7 {[%emt 0:01:20]} 47. Rg1 {[%emt 0:01:17]} h3 {[%emt 0:02:38]} 48. f4 {[%emt 0:01:56]} gxf4 {[%emt 0:03:54]} 49. Kxf4 {[%emt 0:00:36]} h2 {[%emt 0:00:28]} 50. Rh1 {[%emt 0:00:13]} Rh7 {[%emt 0:00:09]} 51. Kg3 {[%emt 0:00:17]} Ke5 {[%emt 0:06:15]} 52. Rxh2 {[%emt 0:01:29]} Rxh2 {[%emt 0:00:40]} 53. Kxh2 {[%emt 0:00:03]} Kd4 {[%emt 0:00:23]} 54. Kg3 {[%emt 0:00:09]} Ke3 {[%emt 0:00:00]} 55. Kg4 {[%emt 0:00:00]} e5 {[%emt 0:00:00]} 56. Kf5 {[%emt 0:00:00]} Kd4 {[%emt 0:00:00]} 57. a4 {[%emt 0:00:00]} Kc4 {[%emt 0:00:00]} 58. Kxe5 {[%emt 0:00:00]} Kxb4 {[%emt 0:00:00]} 59. Bxa6 {[%emt 0:00:00]} 1/2-1/2

[Event "DVM U12 2021-22"]
[Site "Naumburg"]
[Date "2022.03.26"]
[Round "2"]
[White "Goldschmidt, Jakob"]
[Black "Wartenberg, Alissa"]
[Result "0-1"]
[WhiteElo "1081"]
[BlackElo "1670"]
[Annotator "NA"]
[PlyCount "60"]
[EventDate "2022.03.25"]
[EventType "team-tourn"]
[EventRounds "7"]
[EventCountry "GER"]
[SourceTitle "playchess.com"]
[Source "ChessBase"]
[SourceQuality "1"]
[TimeControl "40/5400+30:1800+30"]

1. d4 {[%emt 0:00:02]} d5 {[%emt 0:00:05]} 2. c3 {[%emt 0:00:07]} Nf6 {[%emt 0:00:42]} 3. e3 {[%emt 0:00:12]} c5 {[%emt 0:00:24]} 4. Bd3 {[%emt 0:00:43]} e6 {[%emt 0:00:05]} 5. f4 {[%emt 0:00:07]} Nc6 {[%emt 0:00:28]} 6. Nf3 {[%emt 0:00:13]} b6 {[%emt 0:00:37]} 7. O-O {[%emt 0:00:33]} Bb7 {[%emt 0:00:11]} 8. Ne5 {[%emt 0:00:55]} a6 {[%emt 0:00:50]} 9. Nd2 {[%emt 0:00:31]} Qc7 {[%emt 0:03:22]} 10. Nb3 {[%emt 0:01:45]} c4 {[%emt 0:00:26]} 11. Bxc4 {[%emt 0:03:20]} dxc4 {[%emt 0:00:03]} 12. Nxc4 {[%emt 0:00:07]} Ne7 {[%emt 0:00:12]} 13. Ne5 {[%emt 0:02:58]} Ng6 {[%emt 0:00:08]} 14. Qe1 {[%emt 0:02:06]} Nxe5 {[%emt 0:00:17]} 15. fxe5 {[%emt 0:00:30]} Ne4 {[%emt 0:00:09]} 16. Qh4 {[%emt 0:02:41]} Be7 {[%emt 0:00:38]} 17. Qg4 {[%emt 0:01:04]} O-O-O {[%emt 0:01:38]} 18. Rxf7 {[%emt 0:04:01]} Ng5 {[%emt 0:00:10]} 19. e4 {[%emt 0:02:33]} Nxf7 {[%emt 0:00:12]} 20. Qxe6+ {[%emt 0:00:10]} Kb8 {[%emt 0:00:03]} 21. Qxf7 {[%emt 0:00:31]} Rdf8 {[%emt 0:00:23]} 22. Qxg7 {[%emt 0:03:06]} Bxe4 {[%emt 0:00:10]} 23. Qg4 {[%emt 0:04:43]} Bb7 {[%emt 0:00:24]} 24. Bh6 {[%emt 0:03:01]} Rhg8 {[%emt 0:00:37]} 25. Qe2 {[%emt 0:04:09]} Qc6 {[%emt 0:00:36]} 26. Bxf8 {[%emt 0:03:31]} Rxg2+ {[%emt 0:00:04]} 27. Kf1 {[%emt 0:00:43]} Rxe2 {[%emt 0:00:05]} 28. Kxe2 {[%emt 0:00:07]} Qf3+ {[%emt 0:00:03]} 29. Kd2 {[%emt 0:01:00]} Bg5+ {[%emt 0:00:19]} 30. Kc2 {[%emt 0:01:14]} Be4# 0-1

[Event "DVM U12 2021-22"]
[Site "Naumburg"]
[Date "2022.03.26"]
[Round "2"]
[White "Schriefer, Leo Hans"]
[Black "Ruddat, Jarne"]
[Result "1/2-1/2"]
[WhiteElo "1037"]
[BlackElo "1419"]
[Annotator "NA"]
[PlyCount "96"]
[EventDate "2022.03.25"]
[EventType "team-tourn"]
[EventRounds "7"]
[EventCountry "GER"]
[SourceTitle "playchess.com"]
[Source "ChessBase"]
[SourceQuality "1"]
[TimeControl "40/5400+30:1800+30"]

1. e4 {[%emt 0:00:02]} e5 {[%emt 0:00:05]} 2. Nf3 {[%emt 0:00:02]} Nc6 {[%emt 0:00:04]} 3. d4 {[%emt 0:00:04]} exd4 {[%emt 0:00:03]} 4. Bc4 {[%emt 0:00:05]} Bc5 {[%emt 0:02:22]} 5. Ng5 {[%emt 0:00:23]} Nh6 {[%emt 0:00:16]} 6. Nxf7 {[%emt 0:00:28]} Nxf7 {[%emt 0:00:15]} 7. Bxf7+ {[%emt 0:00:05]} Kf8 {[%emt 0:02:05]} 8. O-O {[%emt 0:00:42]} Qf6 {[%emt 0:01:06]} 9. Bd5 {[%emt 0:01:02]} Ne7 {[%emt 0:03:32]} 10. e5 {[%emt 0:03:39]} Qxe5 {[%emt 0:02:36]} 11. Qf3+ {[%emt 0:00:12]} Qf5 {[%emt 0:00:45]} 12. Bxb7 {[%emt 0:00:31]} Qxf3 {[%emt 0:00:17]} 13. Bxf3 {[%emt 0:00:07]} Rb8 {[%emt 0:00:05]} 14. b3 {[%emt 0:01:44]} d3 {[%emt 0:01:19]} 15. c3 {[%emt 0:01:19]} Ba6 {[%emt 0:00:15]} 16. Rd1 {[%emt 0:01:00]} d5 {[%emt 0:00:17]} 17. Be3 {[%emt 0:03:36]} Bxe3 {[%emt 0:03:54]} 18. fxe3 {[%emt 0:00:28]} Nf5 {[%emt 0:00:04]} 19. Re1 {[%emt 0:01:08]} Re8 {[%emt 0:00:07]} 20. Bxd5 {[%emt 0:05:57]} Nxe3 {[%emt 0:00:24]} 21. Bc6 {[%emt 0:02:01]} Re6 {[%emt 0:00:29]} 22. c4 {[%emt 0:02:59]} Kf7 {[%emt 0:02:17]} 23. Nd2 {[%emt 0:02:53]} Kg6 {[%emt 0:11:55]} 24. Be4+ {[%emt 0:02:01]} Rxe4 {[%emt 0:00:15]} 25. Nxe4 {[%emt 0:00:40]} Nc2 {[%emt 0:00:05]} 26. Red1 {[%emt 0:01:34]} Nxa1 {[%emt 0:00:17]} 27. Rxa1 {[%emt 0:00:06]} Re8 {[%emt 0:00:21]} 28. Nc5 {[%emt 0:00:37]} d2 {[%emt 0:00:13]} 29. Kf2 {[%emt 0:00:45]} Bc8 {[%emt 0:01:23]} 30. h3 {[%emt 0:00:41]} Bf5 {[%emt 0:01:16]} 31. Rd1 {[%emt 0:00:40]} Re5 {[%emt 0:00:52]} 32. Na4 {[%emt 0:01:03]} Bd7 {[%emt 0:01:16]} 33. Nc3 {[%emt 0:01:26]} Rf5+ {[%emt 0:00:51]} 34. Kg3 {[%emt 0:04:24]} Re5 {[%emt 0:01:41]} 35. Kf2 {[%emt 0:01:35]} Rf5+ {[%emt 0:00:06]} 36. Kg1 {[%emt 0:00:41]} Rg5 {[%emt 0:01:33]} 37. Kh2 {[%emt 0:00:33]} Bc6 {[%emt 0:00:22]} 38. Rxd2 {[%emt 0:00:25]} Re5 {[%emt 0:00:52]} 39. Re2 {[%emt 0:01:56]} Rxe2 {[%emt 0:00:30]} 40. Nxe2 {[%emt 0:00:07]} Kf6 {[%emt 0:00:16]} 41. Kg3 {[%emt 0:30:31]} Ke5 {[%emt 0:30:41]} 42. Nf4 {[%emt 0:01:01]} Be4 {[%emt 0:00:52]} 43. Ne2 {[%emt 0:00:39]} c6 {[%emt 0:00:24]} 44. Kf2 {[%emt 0:00:37]} g6 {[%emt 0:02:11]} 45. g3 {[%emt 0:00:38]} g5 {[%emt 0:03:25]} 46. Ke3 {[%emt 0:00:29]} c5 {[%emt 0:03:20]} 47. Nc3 {[%emt 0:01:16]} Bc6 {[%emt 0:01:09]} 48. Nb5 {[%emt 0:04:47]} a6 {[%emt 0:03:41]} 1/2-1/2